[Event "Mezokovesd Hegedus Memorial 4th"]
[Site "Mezokovesd"]
[Date "2023.12.29"]
[Round "5"]
[White "Hajdu, Istvan"]
[Black "Molnar, Lili1"]
[Result "1/2-1/2"]
[WhiteElo "1839"]
[BlackElo "1454"]
[PlyCount "121"]
[EventDate "2023.12.27"]
[EventType "swiss"]
[EventRounds "6"]
[EventCountry "HUN"]
[SourceTitle "CB01_2024"]
[SourceDate "2024.01.03"]
[SourceVersion "1"]
[SourceVersionDate "2024.01.03"]
[SourceQuality "1"]

1. e4 c6 2. d4 d5 3. exd5 cxd5 4. Bd3 Nc6 5. Nf3 Bg4 6. c3 Nf6 7. 0-0 e6 8. Bf4 Bd6 9. Bxd6 Qxd6 10. Nbd2 0-0 11. Qe1 Nd7 12. Qe3 e5 13. dxe5 Ncxe5 14. Nxe5 Nxe5 15. Bc2 Rfe8 16. Qd4 Be2 17. Rfe1 Ng4 18. f4 Qh6 19. h3 Nf6 20. Qf2 Ba6 21. Rad1 Nh5 22. f5 Nf4 23. Nf1 Qg5 24. Ng3 h5 25. h4 Qxh4 26. Re3 Qg5 27. Rde1 Rxe3 28. Rxe3 h4 29. Nf1 h3 30. Rg3 Ne2+ 31. Qxe2 h2+ 32. Kh1 Bxe2 33. Rxg5 Bxf1 34. f6 g6 35. Rxd5 Re8 36. Rd2 Re6 37. Rf2 Bc4 38. b3 Bd5 39. Kxh2 b5 40. Bd3 a6 41. c4 bxc4 42. Bxc4 Bxc4 43. bxc4 Rc6 44. Rf4 Kh7 45. g4 g5 46. Rf5 Kg6 47. c5 Rxf6 48. Rxf6+ Kxf6 49. Kg3 Ke5 50. Kf3 Kd5 51. c6 Kxc6 52. Ke4 Kd6 53. Kf5 Ke7 54. Kxg5 Kf8 55. Kf6 Kg8 56. a4 a5 57. Kf5 Kg7 58. g5 Kf8 59. Kf6 Ke8 60. Kf5 Kf8 61. Kf6 1/2-1/2

[Event "Titled Tuesday intern op 01st Dec"]
[Site "Chess.com INT"]
[Date "2020.12.01"]
[Round "7"]
[White "Roebers, Jan"]
[Black "Hajdu, Istvan"]
[Result "1-0"]
[WhiteElo "2170"]
[BlackElo "1873"]
[PlyCount "57"]
[EventDate "2020.12.01"]
[EventType "swiss (blitz)"]
[EventRounds "11"]
[EventCountry "USA"]
[SourceTitle "CBM 199 Extra"]
[Source "ChessBase"]
[SourceDate "2021.01.31"]
[SourceVersion "1"]
[SourceVersionDate "2021.01.31"]
[SourceQuality "1"]

1. e4 Nc6 2. d4 e5 3. Nf3 exd4 4. c3 dxc3 5. Bc4 Nf6 6. e5 d5 7. Bb3 c2 8. Bxc2 Ne4 9. 0-0 Bg4 10. Nbd2 Nxd2 11. Bxd2 Be7 12. Re1 0-0 13. h3 Bxf3 14. Qxf3 Nd4 15. Bxh7+ Kxh7 16. Qd3+ Kg8 17. Qxd4 c5 18. Qg4 Qc8 19. e6 f5 20. Qh5 Bf6 21. Rab1 Bd4 22. Bc3 Bxc3 23. bxc3 Qe8 24. Qf3 Qc6 25. Rbd1 Rae8 26. Qxd5 Rf6 27. e7+ Qxd5 28. Rxd5 Kf7 29. Rxc5 1-0

[Event "Titled Tuesday intern op 24th Nov"]
[Site "Chess.com INT"]
[Date "2020.11.24"]
[Round "7"]
[White "Valle Maytin, Luis Enrique"]
[Black "Hajdu, Istvan"]
[Result "1-0"]
[WhiteElo "2284"]
[BlackElo "1873"]
[PlyCount "79"]
[EventDate "2020.11.24"]
[EventType "swiss (blitz)"]
[EventRounds "11"]
[EventCountry "USA"]
[SourceTitle "CBM 199 Extra"]
[Source "ChessBase"]
[SourceDate "2021.01.31"]
[SourceVersion "1"]
[SourceVersionDate "2021.01.31"]
[SourceQuality "1"]

1. e4 Nc6 2. d4 e5 3. d5 Nce7 4. c4 Ng6 5. g3 Bc5 6. Bg2 Nf6 7. Nc3 0-0 8. Qd3 Ng4 9. Nh3 d6 10. f3 Nf6 11. Be3 Bxe3 12. Qxe3 Bd7 13. 0-0 Nh5 14. b4 a6 15. c5 h6 16. Rfc1 Ne7 17. g4 Nf6 18. Nf2 Nh7 19. a4 Ng6 20. Nd3 Qh4 21. b5 axb5 22. Nxb5 Bxb5 23. axb5 Ng5 24. cxd6 cxd6 25. Qb6 Nh3+ 26. Bxh3 Qxh3 27. Qf2 Nh4 28. Ne1 g5 29. Qg3 Qxg3+ 30. hxg3 Ng6 31. Rxa8 Rxa8 32. Rc7 Rb8 33. Rd7 Nf8 34. Rxd6 Kg7 35. Nd3 f6 36. Nc5 Kf7 37. Rb6 Kg6 38. Rxb7 Rc8 39. Nd3 Rc3 40. Ne1 1-0

[Event "HUN-chT2 Toth 1718"]
[Site "Hungary"]
[Date "2018.03.25"]
[Round "10.4"]
[White "Hajdu, Istvan"]
[Black "Papp, Bence"]
[Result "1/2-1/2"]
[WhiteElo "1847"]
[BlackElo "1966"]
[PlyCount "84"]
[EventDate "2017.09.24"]
[EventType "team-tourn"]
[EventRounds "11"]
[EventCountry "HUN"]
[SourceTitle "EXT 2021"]
[Source "ChessBase"]
[SourceDate "2020.10.23"]
[SourceVersion "1"]
[SourceVersionDate "2020.10.23"]
[SourceQuality "1"]
[WhiteTeam "Szentes Integral"]
[BlackTeam "Szeged Meritum"]
[WhiteTeamCountry "HUN"]
[BlackTeamCountry "HUN"]

1. e4 d5 2. exd5 Qxd5 3. Nc3 Qd6 4. d4 Nf6 5. Bc4 a6 6. Nf3 Nc6 7. Ng5 e6 8. Be3 h6 9. Nf3 b5 10. Be2 Be7 11. h3 0-0 12. 0-0 Rd8 13. a3 e5 14. dxe5 Nxe5 15. Qxd6 Bxd6 16. Rfd1 Bb7 17. Nd4 Bc5 18. Nf5 Bxe3 19. Nxe3 Kf8 20. Kf1 Ng6 21. g3 Ne7 22. Ke1 Nfd5 23. Nexd5 Nxd5 24. Nxd5 Rxd5 25. Rxd5 Bxd5 26. f3 Ke7 27. Rd1 Rd8 28. Kf2 Rd6 29. Rd3 Be6 30. Rc3 Kd7 31. g4 Rc6 32. Rxc6 Kxc6 33. b4 g5 34. Bd3 Bd5 35. Bf5 Kb6 36. Ke3 c5 37. c3 a5 38. Bd3 cxb4 39. cxb4 axb4 40. axb4 Kc6 41. Be4 Kd6 42. Bd3 Bc6 1/2-1/2

[Event "HUN-chT2 Toth 1516"]
[Site "Hungary"]
[Date "2015.10.18"]
[Round "3.1"]
[White "Simonyi, Zoltan"]
[Black "Hajdu, Istvan"]
[Result "1/2-1/2"]
[WhiteElo "2205"]
[BlackElo "2005"]
[PlyCount "82"]
[EventDate "2015.09.13"]
[EventType "team-tourn"]
[EventRounds "11"]
[EventCountry "HUN"]
[SourceTitle "CBM 170 Extra"]
[Source "ChessBase"]
[SourceDate "2016.02.25"]
[SourceVersion "1"]
[SourceVersionDate "2016.02.25"]
[SourceQuality "1"]
[WhiteTeam "Ujszasz"]
[BlackTeam "Szentes Integral"]
[WhiteTeamCountry "HUN"]
[BlackTeamCountry "HUN"]

1. Nf3 Nf6 2. c4 e6 3. d4 d5 4. Nc3 c6 5. e3 Be7 6. Qc2 0-0 7. Bd2 Nbd7 8. h3 Re8 9. g4 Nf8 10. 0-0-0 a6 11. Ne5 N6d7 12. f4 Nxe5 13. dxe5 b5 14. cxd5 cxd5 15. Kb1 Bb7 16. Bg2 Rc8 17. Qd3 Qc7 18. Be1 Red8 19. Ne2 Nd7 20. Rc1 Qb6 21. Bf2 a5 22. Nd4 Ba6 23. Qd2 Nc5 24. Nb3 Nxb3 25. axb3 Bc5 26. Rc2 Bb4 27. Qd4 Qxd4 28. exd4 Rxc2 29. Kxc2 Rc8+ 30. Kd1 a4 31. bxa4 bxa4 32. Bf1 Bc4 33. Bxc4 Rxc4 34. Be3 Kf8 35. f5 Ba5 36. Rf1 Ke8 37. Rf2 Bb6 38. Rd2 Rb4 39. Ke2 Kd7 40. Kd3 Rb3+ 41. Ke2 Rb4 1/2-1/2

[Event "HUN-chT Csongrad Region"]
[Site "Hungary"]
[Date "2015.10.11"]
[Round "3.4"]
[White "Hajdu, Istvan"]
[Black "Tornyai, Jeno"]
[Result "1-0"]
[WhiteElo "1992"]
[BlackElo "1903"]
[PlyCount "101"]
[EventDate "2015.09.20"]
[EventType "team-tourn"]
[EventRounds "9"]
[EventCountry "HUN"]
[SourceTitle "EXT 2017"]
[Source "ChessBase"]
[SourceDate "2016.10.25"]
[SourceVersion "1"]
[SourceVersionDate "2016.10.25"]
[SourceQuality "1"]

1. e4 d5 2. exd5 Nf6 3. Bb5+ Bd7 4. Bc4 b5 5. Bb3 Bg4 6. f3 Bc8 7. a4 b4 8. c4 c6 9. dxc6 Nxc6 10. Ne2 e5 11. 0-0 Bc5+ 12. Kh1 0-0 13. Bc2 Nd4 14. Nxd4 Qxd4 15. d3 Bf5 16. Nd2 Bxd3 17. Nb3 Bxc2 18. Qxc2 Qd6 19. Rd1 Qc7 20. Nxc5 Qxc5 21. Qd3 e4 22. Be3 Qe5 23. Qd4 Qxd4 24. Rxd4 exf3 25. gxf3 Rfe8 26. Rd3 a5 27. Rad1 h6 28. Kg2 Kh7 29. Kf2 Re6 30. Rd6 Rae8 31. R1d3 Kg6 32. c5 Kf5 33. Rxe6 fxe6 34. Rd6 Ra8 35. Ke2 g5 36. Kd3 Nd5 37. Bd2 h5 38. Kc4 g4 39. fxg4+ hxg4 40. Kb5 Ne7 41. Rd7 Nd5 42. Be1 Nf6 43. Rf7 Kg6 44. Re7 Kf5 45. Bg3 Nd5 46. Rd7 Rc8 47. c6 Kf6 48. c7 Ne7 49. Bh4+ Kf5 50. Rxe7 e5 51. Kc6 1-0

[Event "HUN-chT2 Toth 1314"]
[Site "Hungary"]
[Date "2014.04.27"]
[Round "11.4"]
[White "Tornyai, Jeno"]
[Black "Hajdu, Istvan"]
[Result "0-1"]
[WhiteElo "1958"]
[BlackElo "2114"]
[PlyCount "114"]
[EventDate "2013.09.08"]
[EventType "team-tourn"]
[EventRounds "11"]
[EventCountry "HUN"]
[SourceTitle "EXT 2016"]
[Source "ChessBase"]
[SourceDate "2015.10.08"]
[SourceVersion "1"]
[SourceVersionDate "2015.10.08"]
[SourceQuality "1"]
[WhiteTeam "Szeged Maroczy II"]
[BlackTeam "Szentes"]
[WhiteTeamCountry "HUN"]
[BlackTeamCountry "HUN"]

1. d4 d5 2. Nc3 Nf6 3. Bg5 Bf5 4. Bxf6 gxf6 5. e3 Nc6 6. Nge2 Qd7 7. Ng3 Bg6 8. a3 0-0-0 9. Bd3 e5 10. Nce2 Bd6 11. c3 Ne7 12. e4 dxe4 13. Nxe4 Qc6 14. f3 f5 15. Nxd6+ Qxd6 16. Qa4 e4 17. Bc2 Kb8 18. 0-0-0 Nd5 19. h4 h5 20. fxe4 fxe4 21. Rh3 f5 22. c4 Nf4 23. Nxf4 Qxf4+ 24. Kb1 Qf2 25. Rb3 Be8 26. Qa6 b6 27. c5 Bc6 28. Rf1 Qxd4 29. cxb6 axb6 30. Rxf5 Bb7 31. Qe2 Qd2 32. Re3 Qxe2 33. Rxe2 Rde8 34. Re3 Re7 35. Bd1 Rg7 36. g3 Rhg8 37. Rxh5 Rxg3 38. Rxg3 Rxg3 39. Re5 Rh3 40. h5 Rh2 41. Re8+ Ka7 42. Ka2 Bd5+ 43. Kb1 Kb7 44. Kc1 Kc6 45. b4 Kb5 46. Re5 Kc4 47. b5 Kd4 48. Re7 e3 49. a4 Rh1 50. h6 Rxh6 51. Rxc7 Rh1 52. Re7 Bb3 53. Rd7+ Kc5 54. Kb2 Bxd1 55. Rc7+ Kb4 56. Re7 e2 57. Re4+ Ka5 0-1